Deutsche Landkreise und kreisfreie Städte nach Buchstabe - A - Statistiken

Allgemein
  • Dieses Quiz wurde 237 mal gespielt
  • Das Durchschnittsergebnis liegt bei 16 aus 21
Antwortstatistiken
Bundesland Kreis % Korrekt
Bayern Augsburg
95%
Bayern Augsburg
95%
Nordrhein-Westfalen Aachen
91%
Nordrhein-Westfalen Aachen
91%
Bayern Amberg
87%
Bayern Amberg-Sulzbach
87%
Bayern Aschaffenburg
86%
Bayern Aschaffenburg
86%
Bayern Ansbach
84%
Bayern Ansbach
84%
Rheinland-Pfalz Ahrweiler
81%
Niedersachsen Aurich
74%
Thüringen Altenburger Land
72%
Bayern Altötting
67%
Sachsen-Anhalt Anhalt-Bitterfeld
64%
Bayern Aichach-Friedberg
62%
Niedersachsen Ammerland
60%
Baden-Württemberg Alb-Donau-Kreis
59%
Rheinland-Pfalz Altenkirchen
58%
Rheinland-Pfalz Alzey-Worms
46%
Sachsen-Anhalt Altmarkkreis Salzwedel
38%
Keine übereinstimmenden Quizze gefunden
Verteilung der Resultate
Anzahl Personen mit jedem Resultat
Perzentil nach korrekt beantworteten Fragen
Ihre Resultats-Entwicklung
Sie haben dieses Quiz noch nicht gespielt